000 00707nam a2200277Ia 4500
005 20250425161753.0
008 250425s9999 xx 000 0 und d
020 _a9682602017
041 _aspa
082 _a621.56
100 _aDOSSAT, ROY J.
245 0 _aPRINCIPIOS DE REFRIGERACION
250 _a1A ED.
260 _aMEXICO
260 _aMéxico
_bCECSA
_c1980
300 _a594
500 _aTítulo Traducido: PRINCIPLES OF REFRIGERATION, 2ND ED.
650 _aCOMPRESORES
650 _aEVAPORADORES
650 _aREFRIGERACION
650 _aREFRIGERANTES
650 _aTORRES DE ENFRIAMIENTO
700 _aARMANDO GARZA CARDENAS
_etraductor
942 _c01
010 _a28342
999 _c215787
_d215787